Textos, jurisprudencia y formularios de derecho eclesiásticos del estado y derecho matrimonial canónico: manual práctico

Saved in:
Bibliographic Details
Main Authors: Alvarez Cortina, Andrés-Corsino (Author), Camarero Suárez, Marita (Author), González del Valle Cienfuegos, José María (Author), Villa Robledo, María José (Author)
Format: Book
Language:Spanish
Published: Madrid Tecnos 1991
Subjects:
Tags: Add Tag
No Tags, Be the first to tag this record!

MARC

LEADER 00000nam a2200000 a 4500
001 UCV2855
003 CL-VaPUC
008 921207e19910000SP |||||||||||||||||spa|d
082 0 4 |a 262.94  |b ALV  |2 21 
100 0 |a Alvarez Cortina, Andrés-Corsino  |e author  |9 297128 
700 0 |a Camarero Suárez, Marita  |e author  |9 297129 
700 |a González del Valle Cienfuegos, José María  |e author  |9 296007 
700 0 |a Villa Robledo, María José  |e author  |9 297131 
245 1 0 |a Textos, jurisprudencia y formularios de derecho eclesiásticos del estado y derecho matrimonial canónico: manual práctico 
300 |a 329 p 
942 |c BK 
945 |d 19921207 00:00:00 
260 |a Madrid  |b Tecnos  |c 1991 
650 7 |a MATRIMONIO  |2 CL-VaPUC  |9 297132 
650 7 |a DERECHO CANONICO  |2 CL-VaPUC  |9 297133 
650 0 |a Derecho eclesiástico  |9 255055 
583 |a last modification  |c 19921207 00:00:00  |k Rodrigo Vera 
999 |c 210323  |d 210321 
952 |0 0  |1 0  |4 0  |6 262_940000000000000_ALV_1991  |7 0  |8 A  |9 186466  |a BIBDER  |b BIBDER  |d 2019-11-14  |i 2539497  |l 1  |m 5  |o 262.94 ALV 1991  |p 2539497  |r 2023-01-25  |s 2021-10-25  |w 2019-11-14  |y BK  |k DER